|
|
|
|
| LEADER |
01951nam a2200445 i 4500 |
| 001 |
EBC1426886 |
| 003 |
MiAaPQ |
| 005 |
20200520144314.0 |
| 006 |
m o d | |
| 007 |
cr cnu|||||||| |
| 008 |
140811t20132013dcuad ob 000 0 eng d |
| 020 |
|
|
|z 9781464800672
|
| 020 |
|
|
|a 9781464800665
|q (electronic bk.)
|
| 035 |
|
|
|a (MiAaPQ)EBC1426886
|
| 035 |
|
|
|a (Au-PeEL)EBL1426886
|
| 035 |
|
|
|a (CaPaEBR)ebr10761197
|
| 035 |
|
|
|a (CaONFJC)MIL525146
|
| 035 |
|
|
|a (OCoLC)859383853
|
| 040 |
|
|
|a MiAaPQ
|b eng
|e rda
|e pn
|c MiAaPQ
|d MiAaPQ
|
| 043 |
|
|
|a a-aj---
|
| 050 |
|
4 |
|a HB615
|b .F6784 2013
|
| 082 |
0 |
|
|a 658.421
|2 23
|
| 245 |
0 |
0 |
|a Fostering Entrepreneurship in Azerbaijan /
|c Smita Kuriakose, editor.
|
| 264 |
|
1 |
|a Washington, District of Columbia :
|b The World Bank,
|c 2013.
|
| 264 |
|
4 |
|c 2013
|
| 300 |
|
|
|a 1 online resource (95 pages) :
|b color illustrations, charts.
|
| 336 |
|
|
|a text
|2 rdacontent
|
| 337 |
|
|
|a computer
|2 rdamedia
|
| 338 |
|
|
|a online resource
|2 rdacarrier
|
| 490 |
1 |
|
|a Directions in Development. Private Sector Development
|
| 504 |
|
|
|a Includes bibliographical references at the end of each chapters.
|
| 588 |
|
|
|a Description based on print version record.
|
| 590 |
|
|
|a Electronic reproduction. Ann Arbor, MI : ProQuest, 2015. Available via World Wide Web. Access may be limited to ProQuest affiliated libraries.
|
| 650 |
|
0 |
|a Entrepreneurship
|z Azerbaijan.
|
| 651 |
|
0 |
|a Azerbaijan
|x Economic conditions.
|
| 655 |
|
4 |
|a Electronic books.
|
| 776 |
0 |
8 |
|i Print version:
|t Fostering Entrepreneurship in Azerbaijan.
|d Washington, District of Columbia : The World Bank, c2013
|h xi, 78 pages
|k Directions in development (Washington, D.C.). Private sector development.
|z 9781464800672
|w 2013443145
|
| 797 |
2 |
|
|a ProQuest (Firm)
|
| 830 |
|
0 |
|a Directions in development (Washington, D.C.).
|p Private sector development.
|
| 856 |
4 |
0 |
|u https://ebookcentral.proquest.com/lib/matrademy/detail.action?docID=1426886
|z Click to View
|